| 000 | 02716cam a22002537i 4500 | ||
|---|---|---|---|
| 001 | 21349351 | ||
| 005 | 20230531091530.0 | ||
| 008 | 200102s2020 nyua b 001 0 eng | ||
| 010 | _a 2020930019 | ||
| 020 | _a9780198832331 | ||
| 040 |
_aDLC _beng _erda _cDLC _dDLC |
||
| 043 | _af------ | ||
| 050 | 0 | 0 | _aHC 800 .C73 2020 |
| 100 | 1 |
_aCramer, Christopher, _eauthor. |
|
| 245 | 1 | 0 |
_aAfrican economic development : _bevidence, theory, policy / _cChristopher Cramer, John Sender, and Arkebe Oqubay. |
| 250 | _aFirst edition. | ||
| 260 |
_aOxford: _bOxford University Press, _c2020. |
||
| 300 |
_axiv, 319 pages : _billustrations ; _c24 cm |
||
| 500 |
_aMinimal Level Cataloging Plus. _5DLC |
||
| 504 | _aIncludes bibliographical references (pages [255]-303) and index. | ||
| 520 | _a"This book challenges conventional wisdoms about economic performance and possible policies for economic development in African countries. Its starting point is the striking variation in African economic performance. Unevenness and inequalities form a central fact of African economic experiences. The authors highlight not only differences between countries, but also variations within countries, differences often organized around distinctions of gender, class, and ethnic identity. For example, neo-natal mortality and school dropout have been reduced, particularly for some classes of women in some areas of Africa. Horticultural and agribusiness exports have grown far more rapidly in some countries than in others. These variations (and many others) point to opportunities for changing performance, reducing inequalities, learning from other policy experiences, and escaping the ties of structure, and the legacies of a colonial past. The book rejects teleological illusions and Eurocentric prejudice, but it does pay close attention to the results of policy in more industrialized parts of the world. Seeing the contradictions of capitalism for what they are - fundamental and enduring - may help policy officials protect themselves against the misleading idea that development can be expected to be a smooth, linear process, or that it would be were certain impediments suddenly removed. The authors criticize a wide range of orthodox and heterodox economists, especially for their cavalier attitude to evidence. Drawing on their own decades of research and policy experience, they combine careful use of available evidence from a range of African countries with political economy insights (mainly derived from Kalecki, Kaldor and Hischman) to make the policy case for specific types of public sector investment"-- | ||
| 650 | 0 |
_aEconomic development _zAfrica. |
|
| 942 |
_2lcc _cBOOKS _hHC 800 .C73 2020 |
||
| 999 |
_c31596 _d31596 |
||